| 000 | 00636nam a2200181Ia 4500 | ||
|---|---|---|---|
| 003 | GCL | ||
| 008 | 140319s9999 xx 000 0 ara d | ||
| 040 |
_aGCL / _cGCL |
||
| 082 | 0 | 4 |
_aد _b050 |
| 100 | 1 | _aابراهيم عبدالعزيز | |
| 245 | 1 | 0 |
_aمنهج الشيخ الشعراوى لاصلاح المجتمع ( اقرا 486 ) / _cابراهيم عبدالعزيز |
| 490 |
_aوثائق ونصوص _v0 |
||
| 650 | 0 | 4 | _aالاسلام والمجتمع |
| 650 | 0 | 4 | _aالاسلام والاصلاح الاجتماعى |
| 650 | 0 | 4 | _aالاسلام والاصلاح الدينى |
| 650 | 0 | 4 | _aالشعراوى |
| 942 |
_2ddc _cCF |
||
| 999 |
_c27410 _d27410 |
||